000 00582nam a2200169 a 4500
001 000026188
005 20200930024357.0
008 860227s1988 sp a 0|0 | spa d
020 _a842340644X
040 _aDO-SdBNP
_cspa
_dBNPHU
082 _axxx
_bJ62p
100 1 _aJoannis, Henri
_953200
245 1 3 _aEl proceso de creación publicitaria :
_bplanteamiento, concepción y realización de los mensajes /
_cHenri Joannis ; prefacio de Michel Badoc.
260 _aMadrid :
_bEdiciones Deusto,
_c1988.
300 _a209 p. :
_bil. ;
_c23 cm.
700 1 _aBadoc, Michel,
_epref.
_953201
999 _c25680
_d25680